What cultural differencies can cause communication problems between a Far-Eastern and a European partner?

Bibliográfiai részletek
Szerző: Rakovszky Gergely
További közreműködők: Nincs adat Nincs adat
Dokumentumtípus: Záródolgozat
Kulcsszavak:Kultúraközi kommunikáció
Online Access:http://dolgozattar.uni-bge.hu/30258

MARC

LEADER 00000nta a2200000 i 4500
001 dolg30258
005 20210324163443.0
008 210324suuuu hu o 000 eng d
040 |a BGE Dolgozattár Repozitórium  |b hun 
041 |a en 
100 1 |a Rakovszky Gergely 
245 1 0 |a What cultural differencies can cause communication problems between a Far-Eastern and a European partner?  |c Rakovszky Gergely  |h [elektronikus dokumentum] 
516 |a Final_paper 
695 |a Kultúraközi kommunikáció 
700 1 |a Nincs adat Nincs adat  |e ths 
856 4 0 |u http://dolgozattar.uni-bge.hu/30258/1/D_11675.pdf  |z Dokumentum-elérés